00448nam a22001577a 450000500170000001000150001702000260003203500130005803700130007108200060008410000180009024500640010826000380017227000520021030000280026220160803111206.0 aENG-115514 a9789350570531c395.00 aEN-99046 bDBAD/PUB aS aGoyal, Vishal a Fix your problems :cVishal Goyalbthe Tenali Raman way / aNew DelhibV & S Publishersc2013 aF-2/16,Ansari Road,DaryaganjbNew Delhie110002 a226p. :c21cm(pbk)bill